Normal view
MARC view
- تاليف الرماني،الحسن علي بن عيسى؛تحقيق ابراهيم السامرائي
Entry Personal Name
001 - CONTROL NUMBER
- control field: 23236
003 - CONTROL NUMBER IDENTIFIER
- control field: JO-AjAnu
005 - DATE AND TIME OF LATEST TRANSACTION
- control field: 20230606074010.0
008 - FIXED-LENGTH DATA ELEMENTS
- fixed length control field: 230606|| aca||aabn | a|a d
040 ## - CATALOGING SOURCE
- Original cataloging agency: JO-AjAnu
- Transcribing agency: JO-AjAnu
100 ## - HEADING--PERSONAL NAME
- Personal name: تاليف الرماني،الحسن علي بن عيسى؛تحقيق ابراهيم السامرائي
670 ## - SOURCE DATA FOUND
- Source citation: Work cat.: (JO-AjAnu)11942: تاليف الرماني،الحسن علي بن عيسى؛تحقيق ابراهيم السامرائي, author, رسالتان في اللغة لأبي الحسن علي بن عيسى الرماني:-1منازل الحروف 2-الحدود